| 000 | 01052nam a22002415i 4500 | ||
|---|---|---|---|
| 001 | 167927 | ||
| 003 | ES-MaACL | ||
| 005 | 20230906213627.0 | ||
| 008 | 910511m17971798sp |||| | spa d | ||
| 040 |
_aCAM _bspa _cCAM |
||
| 100 | 1 |
_aWidenmann, Johann Friedrich Wilhelm. _9133927 |
|
| 245 | 1 | 3 |
_aLa orictognósia / _cescrita en aleman por D. Juan Federico Guillermo Widenmann ... ; y traducida por Don Christiano Herrgen ... ; tomo I [- II]. |
| 260 |
_aMadrid : _ben la Imprenta Real, por D. Pedro Julian Pereyra ..., _c1797-1798. |
||
| 300 |
_a2 v. ([16], 396 p. ; 466, [2] p.) : _bil. ; _c8º. |
||
| 500 | _aLas h. de grab. pleg. son calc. | ||
| 530 | _aDisponible en formanto digital. | ||
| 597 | _aSign.: [ ]8, A-2A8, 2B4, 2C² ; [ ]8, B-Z8, 2A-2F8, 2G². | ||
| 597 | _aAntep. | ||
| 650 | 4 |
_aFósiles. _9136152 |
|
| 700 | 1 |
_aHerrgen, Christiano. _963365 |
|
| 852 |
_aES-MaACL _jR-1151-52 _z-- Enc. pasta española _x Olim: G-10846-47 |
||
| 856 |
_uhttp://bdh-rd.bne.es/viewer.vm?id=0000045915&page=1 _zBiblioteca Digital Hispánica |
||
| 999 |
_c167927 _d167927 |
||